Communes CA Pays d'Aix - Statistiques

Statistiques générales
  • Ce quiz a été pris 31 fois
  • Le résultat moyen est 13 sur 36
Statistiques - réponses
Réponse % Correct
Aix-en-Provence
93%
Gardanne
67%
Meyreuil
60%
Vitrolles
60%
Cabriès
53%
Fuveau
53%
Venelles
53%
Ventabren
53%
Bouc-Bel-Air
47%
Éguilles
47%
Le Tholonet
47%
Pertuis
47%
Jouques
40%
Le Puy Sainte Reparade
40%
Les-Pennes-Mirabeau
33%
Peyrolles-en-Provence
33%
Rousset
33%
Saint-Cannat
33%
Vauvenargues
33%
Coudoux
27%
Lambesc
27%
La-Roque-d'Anthéron
27%
Meyrargues
27%
Mimet
27%
Saint-Marc-Jaumegarde
27%
Simiane-Collongue
27%
Trets
27%
Châteauneuf-le-Rouge
20%
Gréasque
20%
Peynier
20%
Puyloubier
20%
Rognes
20%
Beaurecueil
13%
Saint-Antonin-sur-Bayon
13%
Saint-Estève-Janson
13%
Saint-Paul-lez-Durance
13%
Aucun quiz correspondant
Distribution des résultats
% des personnes avec chaque résultat
Percentile par nombre de réponses
Votre historique - résultats
Vous n’avez pas pris ce quiz